Cartoonfiguren mit M - Statistiken

Allgemein
  • Dieses Quiz wurde 70 mal gespielt
  • Das Durchschnittsergebnis liegt bei 11 aus 20
Antwortstatistiken
Bildquiz Antwort % Korrekt
Mario
95%
Micky Maus
95%
Biene Maja
94%
Marge Simpson
92%
Mogli
92%
Mulan
79%
Miraculix
77%
Michelangelo
74%
Mufasa
66%
Marsupilami
55%
Morty
53%
Mike Glotzkowski
47%
Merlin
45%
Mila
45%
Misty
45%
Mega Man
40%
Milhouse Van Houten
23%
Muten-Roshi
19%
Marvin der Marsmensch
6%
Maestro
0%
Keine übereinstimmenden Quizze gefunden
Verteilung der Resultate
Anzahl Personen mit jedem Resultat
Perzentil nach korrekt beantworteten Fragen
Ihre Resultats-Entwicklung
Sie haben dieses Quiz noch nicht gespielt